Statistics for Countries Closest to the Centre of Africa

Click here to take the quiz!

General Stats

  • This quiz has been taken 3,373 times
  • The average score is 18 of 20

Answer Stats

kmcountrymiles% Correct
563Chad350
96%
227Democratic Republic
of the Congo
141
96%
5Central African Republic3
95%
22Congo13
95%
1251Niger777
95%
689Nigeria428
94%
1086South Sudan675
94%
1171Sudan727
93%
1526Rwanda948
92%
0Cameroon0
91%
1546Uganda960
91%
839Angola529
89%
232Gabon144
88%
1550Burundi963
87%
1640Togo1019
87%
1546Benin960
85%
1701Ghana1057
85%
527Equatorial Guinea327
83%
1648Tanzania1024
80%
960São Tomé and Príncipe507
69%

Score Distribution

Percentile by Number Answered

Percent of People with Each Score

Your Score History

You have not taken this quiz